اثر نظم المعلومات الجغرافية في جودة القرارات الادارية في بلديات اقليم الشمال = The Impact of Geographical Information System(GIS) in the Quality of Administrative Decisions at North Region Municipalities / (Record no. 33576)
[ view plain ]
| 000 -LEADER | |
|---|---|
| fixed length control field | 01166nam a22002057a 4500 |
| 003 - CONTROL NUMBER IDENTIFIER | |
| control field | JO-AjAnu |
| 005 - DATE AND TIME OF LATEST TRANSACTION | |
| control field | 20240708092315.0 |
| 008 - FIXED-LENGTH DATA ELEMENTS--GENERAL INFORMATION | |
| fixed length control field | 240708b jo ||||| |||| 00| 0 ara d |
| 040 ## - CATALOGING SOURCE | |
| Original cataloging agency | JO-AjAnu |
| Language of cataloging | ara |
| Transcribing agency | JO-AjAnu |
| Description conventions | rda |
| 041 ## - LANGUAGE CODE | |
| Language code of text/sound track or separate title | ara |
| Language code of original | ara |
| 050 ## - LIBRARY OF CONGRESS CALL NUMBER | |
| Classification number | HD37 |
| Item number | 2024 |
| 100 #1 - MAIN ENTRY--PERSONAL NAME | |
| Personal name | الرشايدة، الشريف حسان يوسف |
| Relator term | معد |
| 9 (RLIN) | 66047 |
| 245 #0 - TITLE STATEMENT | |
| Title | اثر نظم المعلومات الجغرافية في جودة القرارات الادارية في بلديات اقليم الشمال = The Impact of Geographical Information System(GIS) in the Quality of Administrative Decisions at North Region Municipalities / |
| Statement of responsibility, etc. | اعداد الشريف حسان يوسف الرشايدة؛ اشراف بلال احمد مثاني |
| 260 ## - PUBLICATION, DISTRIBUTION, ETC. | |
| Date of publication, distribution, etc. | 2024 |
| 300 ## - PHYSICAL DESCRIPTION | |
| Extent | 103 ورقة |
| 500 ## - GENERAL NOTE | |
| General note | رسالة جامعية ( رسالة ماجستير في تخصص ادارة الاعمال) جامعة عجلون الوطنية (عجلون، الاردن)، كلية الاعمال، 2024. |
| 650 70 - SUBJECT ADDED ENTRY--TOPICAL TERM | |
| Topical term or geographic name entry element | ادارة الاعمال - القرارات الادارية |
| 9 (RLIN) | 66050 |
| 700 #1 - ADDED ENTRY--PERSONAL NAME | |
| Personal name | المثاني، بلال احمد |
| 9 (RLIN) | 65043 |
| Relator term | مشرف |
| 942 ## - ADDED ENTRY ELEMENTS (KOHA) | |
| Source of classification or shelving scheme | Library of Congress Classification |
| Koha item type | Thesis |
| Suppress in OPAC | No |
| Withdrawn status | Lost status | Source of classification or shelving scheme | Damaged status | Not for loan | Home library | Current library | Date acquired | Total Checkouts | Full call number | Barcode | Date last seen | Price effective from | Koha item type |
|---|---|---|---|---|---|---|---|---|---|---|---|---|---|
| Library of Congress Classification | مكتبة جامعة عجلون الوطنية | مكتبة جامعة عجلون الوطنية | 08/07/2024 | HD37 2024 | a29906 | 08/07/2024 | 08/07/2024 | Thesis | |||||
| Library of Congress Classification | مكتبة جامعة عجلون الوطنية | مكتبة جامعة عجلون الوطنية | 08/07/2024 | HD37 2024 | a29907 | 08/07/2024 | 08/07/2024 | Thesis |